00993nam a2200241Ia 4500003000900000008004100009020001800050040001600068080002300084111008100107245029000188260003700478300001500515490002600530650004100556650001600597650002700613650001000640650002200650700002100672700002100693710003700714IN-BaIIA211028s9999 xx 000 0 eng d a0-7923-1128-0 cIIA Library a082.2:52bIAU-S145 aSymposium of the Inetrnational Astronomical UnioncBulgariad1990 Aug. 27-31 0aEvolution of stars-the photospheric abundance connectiobproceedings of the 145th symposium of the Ineternational Astronomical Union held in Zlatni Pjasaci (Golden Sands), Bulgaria, August 27-31 1990cedited by G. Michaud and A. Tutukov  aDordrechtbKluwer Academicc1991 avii, 487p. aIAU Symposium; no.145 aAstronomy and Astrophysics Thesaurus aPhotosphere aSolar Cosmic Abundance aStars aStellar Evolution aMichaud, G., ed. aTutukov, A., ed. aInternational Astronomical Union